000 00277nam a2200121 i 4500
001 bg
245 0 _aKraevye zadaci dlja diffrencialnych uravnenij.
260 _aTaskent,
_c1971.
040 _cBPK
041 _apol
942 _cKS
008 s pl f |000 0 pol
999 _c14087
_d14087
856 _uhttp://koha.tu.koszalin.pl/cgi-bin/koha/opac-detail.pl?biblionumber=14087
_yKatalog online BPK